[Event "Tournoi n27430"]
[Site "www.echecsemail.com"]
[Date "2026.02.09"]
[Round "1"]
[White "Luc20"]
[Black "Leredoutable"]
[WhiteElo "1810"]
[BlackElo "1750"]
[Result "1-0"]
1.d4 d5
2.Bc1f4 b6
3.Ng1f3 Bc8b7
4.e3 Ng8f6
5.c3 Nb8c6
6.Bf1b5 e6
7.Nf3e5 Bf8d6
8.Ne5xc6 Bb7xc6
9.Bb5xc6 Ke7
10.Bf4xd6 Qd8xd6
11.Bc6xa8 Rh8xa8
12.O-O h5
13.Nb1d2 g5
14.Nd2f3 Nf6e4
15.Nf3e5 Ra8h8
16.Qd1f3 Rh8h7
17.Ra1d1 g4
18.Qf3f4 f5
19.Ne5g6 Kf6
20.Qf4xd6 Ne4xd6
21.Ng6f4 Nd6e4
22.Nf4d3 h4
23.f3 gxf3
24.Rf1xf3 Kg5
25.Nd3e5 Kh5
26.Rf3f4 Rh7g7
27.Ne5f3 Rg7g4
28.h3 Rg4xf4
29.exf4 c5
30.Kf1 Ne4d6
31.Rd1e1 Nd6e4
32.Re1e3 Ne4g3
33.Ke1 Ng3e4
34.Nf3d2 a6
35.Nd2xe4 dxe4
36.dxc5 bxc5
37.b3 { abandon }1-0

[Event "Tournoi n27346"]
[Site "www.echecsemail.com"]
[Date "2026.02.09"]
[Round "1"]
[White "Blaireau64"]
[Black "Killbill"]
[WhiteElo "2020"]
[BlackElo "2019"]
[Result "0-1"]
1.e4 c5
2.Ng1f3 Nb8c6
3.Bf1b5 e5
4.O-O Bf8d6
5.Nb1c3 a6
6.Bb5xc6 dxc6
7.d3 Ng8e7
8.Rf1e1 O-O
9.Bc1e3 b5
10.a4 Bc8d7
11.axb5 cxb5
12.Nc3e2 Rf8e8
13.Ne2g3 a5
14.Ng3f5 Ne7xf5
15.exf5 Bd7xf5
16.Qd1d2 h6
17.Qd2c3 c4
18.Qc3d2 cxd3
19.cxd3 Bd6b4
20.Qd2e2 Bf5xd3
21.Qe2d1 Bb4xe1
22.Nf3xe1 Bd3c4
23.Qd1g4 Qd8c8
24.Qg4g3 Ra8a6
25.Ne1f3 Ra6g6
26.Qg3h4 Qc8d7
27.h3 Qd7d3
28.Qh4h5 Qd3e2
29.Ra1e1 Qe2xb2
30.Be3d4 Qb2b3
31.Nf3xe5 Bc4d5
32.Bd4e3 Rg6xg2
33.Kf1 Rg2h2
34.f3 Qb3c2
{ abandon }0-1

[Event "Défi( 10J+24H/c 10J Max )"]
[Site "www.echecsemail.com"]
[Date "2026.02.09"]
[Round "1"]
[White "Vvvv"]
[Black "Gege62111"]
[WhiteElo "1720"]
[BlackElo "1710"]
[Result "1-0"]
1.e4 e5
2.Ng1f3 Nb8c6
3.Bf1c4 h6
4.O-O Ng8f6
5.Rf1e1 Bf8e7
6.c3 O-O
7.d4 d6
8.d5 Nc6a5
9.Bc4b5 b6
10.b4 Na5b7
11.Bb5c6 a5
12.Qd1a4 Ra8b8
13.Nb1d2 Bc8d7
14.b5 Nb7c5
15.Qa4c2 Bd7xc6
16.bxc6 a4
17.Bc1a3 b5
18.Ba3xc5 dxc5
19.Nf3xe5 c4
20.a3 Be7d6
21.Nd2f3 Rf8e8
22.Ne5xf7 Kxf7
23.e5 Bd6xe5
24.Re1xe5 Kf8
25.Re5xe8 Nf6xe8
26.Nf3e5 Kg8
27.Ne5d7 Rb8c8
28.Qc2e4 Ne8f6
29.Qe4e6 Kh8
30.Nd7xf6 Qd8f8
31.Nf6d7 Qf8g8
32.Qe6e5 Qg8e8
33.Ra1e1 Qe8xe5
34.Nd7xe5 Rc8e8
35.Ne5g6 { abandon }1-0

[Event "Tournoi n27374"]
[Site "www.echecsemail.com"]
[Date "2026.02.09"]
[Round "1"]
[White "Gonzok67"]
[Black "Gognol"]
[WhiteElo "1890"]
[BlackElo "1900"]
[Result "0-1"]
1.e4 e5
2.Ng1f3 d6
3.Bf1c4 Nb8c6
4.d4 exd4
5.Nf3g5 Ng8h6
6.c3 Nc6e5
7.Bc4b3 c5
8.Bb3d5 Bf8e7
9.Ng5f3 Ne5g4
10.h3 Ng4f6
11.c4 Nf6xd5
12.cxd5 f6
13.O-O Nh6f7
14.Bc1f4 Bc8d7
15.Nb1d2 b5
16.b3 h6
17.Qd1b1 Nf7e5
18.Nf3e1 O-O
19.Bf4g3 Qd8e8
20.f4 Ne5g6
21.Ne1f3 Ra8c8
22.a3 Be7d8
23.Rf1e1 Bd8c7
24.e5 fxe5
25.fxe5 dxe5
26.Nd2e4 Qe8e7
27.Ne4xc5 Qe7xc5
28.Qb1xg6 Qc5xd5
29.Nf3xe5 Rf8f6
30.Qg6e4 Qd5xe4
31.Re1xe4 Bd7f5
32.Re4e2 Rf6e6
33.Ra1e1 Rc8e8
34.Re2f2 g6
35.Rf2d2 a5
36.Kh2 g5
37.Re1e2 d3
38.Re2e3 Bc7xe5
39.Bg3xe5 Re6xe5
40.Re3xd3 Bf5xd3
41.Rd2xd3 Re5e3
42.Rd3d6 Re3xb3
43.Rd6xh6 Rb3xa3
44.Rh6g6 Kf7
45.Rg6xg5 b4
46.Rg5b5 b3
47.h4 Re8e2
48.Rb5g5 b2
49.Rg5f5 Ke6
50.Rf5b5 Ra3a1
51.h5 b1Q
52.Rb5xb1 Ra1xb1
53.h6 Rb1b7
54.Kh3 a4
55.g4 a3
56.Kh4 a2
57.Kg5 a1Q
58.Kg6 Qa1f6
{ abandon }0-1

[Event "Défi"]
[Site "www.echecsemail.com"]
[Date "2026.02.09"]
[Round "1"]
[White "Tartu"]
[Black "Snarf"]
[WhiteElo "1740"]
[BlackElo "1760"]
[Result "0-1"]
1.f4 e6
2.Ng1f3 Bf8c5
3.d4 Bc5b6
4.Nb1c3 a6
5.e3 Ng8e7
6.Bf1d3 Ne7d5
7.Nc3xd5 exd5
8.O-O d6
9.c3 h6
10.b4 Bc8g4
11.Bd3e2 Nb8d7
12.Nf3d2 f5
13.Be2xg4 fxg4
14.Qd1xg4 Nd7f6
15.Qg4g6 Kf8
16.Nd2f3 Qd8e7
17.Nf3h4 Rh8g8
18.Qg6d3 Ke8
19.Nh4g6 Qe7f7
20.f5 Kd7
21.b5 a5
22.a4 Nf6e4
23.Ra1a2 Ra8e8
24.Ng6f4 Qf7xf5
25.Ra2f2 Qf5g5
26.Nf4h3 Ne4xf2
27.Rf1xf2 Qg5e7
28.Rf2e2 Rg8f8
29.Nh3f4 Qe7f7
30.Kh1 g5
31.Nf4h3 Qf7f1
32.Nh3g1 Qf1xc1
33.Qd3h7 Kc8
34.Qh7xh6 Rf8f1
35.Qh6h3 Kb8
{ abandon }0-1

[Event "Jean 8"]
[Site "www.echecsemail.com"]
[Date "2026.02.09"]
[Round "1"]
[White "Pgo"]
[Black "Woluwe1975"]
[WhiteElo "1760"]
[BlackElo "1640"]
[Result "1/2-1/2"]
1.e4 d6
2.d4 Ng8f6
3.Nb1c3 c6
4.Ng1f3 Bc8g4
5.h3 Bg4xf3
6.Qd1xf3 e5
7.d5 Bf8e7
8.Bf1d3 O-O
9.Bc1g5 Nb8d7
10.O-O h6
11.Bg5h4 Rf8e8
12.a3 Nd7c5
13.Rf1d1 Nc5xd3
14.Qf3xd3 Ra8c8
15.f3 Qd8c7
16.b4 cxd5
17.Nc3xd5 Nf6xd5
18.Bh4xe7 Nd5xe7
19.c4 Re8d8
20.Rd1c1 Qc7b6
21.Kh2 a6
22.Ra1b1 Qb6c7
23.Rb1b2 Ne7c6
24.Qd3d5 Nc6e7
25.Qd5d3 b5
26.c5 d5
27.Qd3e2 d4
28.Rb2d2 Qc7c6
29.Rd2d3 Ne7g6
30.Qe2f2 Rc8a8
31.g3 a5
32.h4 axb4
33.axb4 Ra8a4
34.Rc1b1 Rd8a8
35.Rb1b2 f6
36.h5 Ng6e7
37.g4 Qc6e6
38.Rd3d2 Kf7
39.f4 Qe6xg4
40.fxe5 Qg4xh5
41.Kg2 Qh5g4
42.Kh2 Qg4h5
43.Kg2 Qh5xe5
44.Qf2xd4 Qe5g5
45.Kf2 Qg5f4
46.Ke2 Qf4g4
47.Kf2 Qg4f4
48.Kg2 Qf4g4
{ nul }1/2-1/2

[Event "2601"]
[Site "www.echecsemail.com"]
[Date "2026.02.09"]
[Round "1"]
[White "Katastrofic"]
[Black "Qsdmlk"]
[WhiteElo "1410"]
[BlackElo "1510"]
[Result "0-1"]
1.e4 e5
2.Bf1c4 Ng8f6
3.d3 Bf8b4
4.Bc1d2 Bb4c5
5.h3 O-O
6.Ng1f3 d6
7.O-O Nb8c6
8.a3 h6
9.b4 Bc5b6
10.b5 Nc6a5
11.Bd2xa5 Bb6xa5
12.a4 Rf8e8
13.c3 b6
14.Ra1a3 Bc8b7
15.Nb1d2 d5
16.exd5 Bb7xd5
17.Bc4xd5 Nf6xd5
18.Nd2b1 Qd8d6
19.Qd1c1 Nd5xc3
20.Nb1xc3 Ba5b4
21.Ra3b3 Bb4c5
22.Nc3e4 Qd6d7
23.Ne4xc5 bxc5
24.Qc1xc5 e4
25.Nf3e5 Qd7e6
26.Ne5c4 exd3
27.Rb3xd3 Qe6e4
28.Rd3e3 Qe4c2
29.Re3xe8 Ra8xe8
30.Qc5xc7 Qc2xa4
31.Nc4d6 Re8f8
32.Rf1e1 a6
33.Re1e8 Rf8xe8
34.Qc7xf7 Kh7
35.Qf7xe8 Qa4d1
36.Kh2 Qd1xd6
37.Kh1 a5
38.Qe8c6 Qd6d1
39.Kh2 a4
40.b6 a3
41.b7 Qd1b1
42.Qc6a4 a2
43.Qa4xa2 Qb1xb7
44.Qa2c2 Kg8
45.g3 Qb7a7
46.f4 Qa7a5
47.g4 Qa5a1
48.Qc2f2 Qa1c1
49.h4 Kh7
50.f5 Qc1c4
51.Kg3 Qc4f7
52.h5 Qf7b3
53.Qf2f3 Qb3b8
54.Qf3f4 Qb8b3
55.Kh4 Kg8
56.f6 Qb3f7
57.Qf4b8 Kh7
58.fxg7 Qf7f6
59.Kg3 Qf6xg7
60.Qb8b1 Kh8
61.Qb1g6 Qg7xg6
62.hxg6 Kg7
63.Kf4 Kxg6
{ abandon }0-1

[Event "Jean 8"]
[Site "www.echecsemail.com"]
[Date "2026.02.09"]
[Round "1"]
[White "Turbo"]
[Black "Woluwe1975"]
[WhiteElo "1390"]
[BlackElo "1640"]
[Result "0-1"]
1.e4 c5
2.Ng1f3 d6
3.c3 a6
4.Bf1c4 e6
5.O-O b5
6.Bc4e2 Bc8b7
7.a4 b4
8.b3 a5
9.c4 e5
10.h3 Nb8c6
11.d3 h6
12.g4 Bf8e7
13.Nf3h2 Nc6d4
14.Bc1e3 Nd4xe2
15.Qd1xe2 Be7h4
16.Nh2f3 h5
17.Kg2 hxg4
18.hxg4 g5
19.Nf3xh4 gxh4
20.Kh3 Qd8e7
21.Nb1d2 O-O-O
22.Nd2f3 Rd8f8
23.Be3g5 f6
24.Bg5e3 Qe7g7
25.Rf1g1 Ng8e7
26.d4 Bb7xe4
27.Nf3d2 Be4c6
28.d5 Bc6d7
29.Nd2e4 Kc7
30.f4 exf4
31.Be3xf4 Ne7c8
32.Ne4c3 bxc3
33.Ra1c1 Rf8e8
34.Qe2h2 Re8e4
35.Rc1f1 Qg7f8
36.Rf1f3 Qf8g7
37.Rf3xc3 Qg7h7
38.b4 axb4
39.Rc3c2 Re4xf4
40.Rc2a2 Qh7d3
41.Kg2 Qd3f3
0-1

[Event "Memorial Lara CIII"]
[Site "www.echecsemail.com"]
[Date "2026.02.09"]
[Round "1"]
[White "Rvsinovitch"]
[Black "Leredoutable"]
[WhiteElo "2030"]
[BlackElo "1760"]
[Result "1-0"]
1.e4 e5
2.Ng1f3 Nb8c6
3.Bf1b5 d6
4.c3 Ng8f6
5.d3 Bc8e6
6.O-O Bf8e7
7.Bc1e3 O-O
8.h3 a6
9.Bb5a4 b5
10.Ba4c2 a5
11.Nb1d2 b4
12.d4 bxc3
13.bxc3 Be6d7
14.Ra1b1 Rf8e8
15.d5 Nc6a7
16.Rb1b7 Na7b5
17.c4 Nb5a3
18.Bc2d3 c5
19.Rb7b3 Bd7a4
20.Qd1c1 Ba4xb3
21.axb3 Na3xc4
22.Bd3xc4 Qd8b6
23.Qc1a3 Be7d8
24.Rf1b1 Bd8e7
25.Nf3e1 Re8c8
26.Ne1d3 Be7f8
27.Nd3b2 Qb6b4
28.Rb1a1 Qb4c3
29.Nb2a4 Qc3b4
30.f3 Bf8e7
31.Nd2f1 Nf6h5
32.Be3d2 Qb4b7
33.Qa3c1 Be7h4
34.Kh2 Rc8b8
35.g3 Bh4e7
36.Na4c3 Qb7c8
37.Nc3b5 f5
38.Bd2xa5 fxe4
39.fxe4 Qc8f8
40.Qc1e3 Ra8xa5
41.Ra1xa5 g5
42.Ra5a2 Qf8g7
43.Ra2a7 Qg7f6
44.Nb5c7 Rb8f8
45.Nc7e6 Rf8e8
46.Nf1d2 Be7f8
47.Qe3xg5 Qf6xg5
48.Ne6xg5 Bf8h6
49.Nd2f3 Nh5f6
50.Kg2 Re8f8
51.Ra7a6 Rf8d8
52.Bc4d3 Rd8d7
53.Ng5e6 Kf7
54.Nf3g5 Bh6xg5
55.Ne6xg5 Kg6
56.Ng5e6 Kf7
57.Ra6c6 h6
58.Rc6c7 Rd7xc7
59.Ne6xc7 Ke7
60.g4 Nf6h7
61.h4 Nh7f6
62.Kg3 Kf7
63.Nc7b5 Nf6e8
64.g5 Kg6
65.Kg4 h5
66.Kg3 Kf7
67.Bd3e2 Kg6
68.Be2f3 { abandon }1-0

[Event "Défi"]
[Site "www.echecsemail.com"]
[Date "2026.02.09"]
[Round "1"]
[White "Dan84"]
[Black "Artistepeintre"]
[WhiteElo "1620"]
[BlackElo "1570"]
[Result "0-1"]
1.e4 e5
2.d4 exd4
3.Qd1xd4 Nb8c6
4.Qd4d2 d6
5.h3 Bc8e6
6.c3 Bf8e7
7.g3 h6
8.f4 Nc6a5
9.Qd2d4 Be7f6
10.e5 dxe5
11.fxe5 Bf6e7
12.Qd4a4 Na5c6
13.Ng1f3 Be6d7
14.Qa4e4 g6
15.g4 f6
16.e6 f5
17.gxf5 Ng8f6
18.exd7 Qd8xd7
19.Qe4c2 gxf5
20.Bf1d3 O-O-O
21.Ke2 a6
22.Bc1e3 Rh8e8
23.Bd3xf5 Kb8
24.Bf5xd7 Rd8xd7
25.Kf1 Nf6h5
26.Kf2 Re8f8
27.Kg2 Rf8g8
28.Kf2 Be7d6
29.Be3xh6 Bd6g3
30.Kg2 Bg3f4
31.Kf2 Bf4xh6
32.Qc2f5 Rd7g7
33.Qf5xh5 Rg7g2
34.Ke1 Bh6e3
35.Nb1d2 Nc6e7
36.Qh5e5 Be3xd2
37.Nf3xd2 Ne7c6
38.Qe5e4 Rg2g7
39.Qe4f3 Nc6e5
40.Qf3f2 Ne5d3
41.Kf1 Nd3xf2
42.Kxf2 Rg8f8
43.Ke3 Rg7g3
44.Ke2 Rg3g2
45.Kd3 Rf8d8
46.Kc4 Rg2xd2
47.b4 b5
48.Kb3 Rd8f8
49.a4 Rf8f2
50.axb5 Rd2b2
51.Kc4 Rf2f4
52.Kc5 Rf4f5
53.Kc6 Rf5xb5
54.Ra1xa6 Rb5b7
55.Kc5 Rb2c2
56.Ra6a3 Rb7b6
57.b5 Kb7
58.Kb4 c6
59.c4 Rc2b2
60.Kc3 Rb2f2
61.bxc6 Kxc6
62.Ra3a4 Rf2f3
63.Kd4 Rb6b3
64.Ra4a6 Kb7
65.Ra6h6 Rf3f4
66.Kc5 Rb3c3
67.Rh6b6 Kc7
68.Rb6b4 Rf4f5
69.Kd4 Rf5f3
70.h4 Rc3d3
71.Ke4 Rf3e3
72.Kf4 Re3f3
73.Ke4 Kd6
74.h5 Kc5
75.Rb4a4 Rf3g3
76.Kf4 Kd4
77.c5 Kxc5
78.Ra4e4 Kd5
79.Re4e8 Rd3f3
0-1

[Event "Transval"]
[Site "www.echecsemail.com"]
[Date "2026.02.09"]
[Round "1"]
[White "Karting"]
[Black "4x4"]
[WhiteElo "1590"]
[BlackElo "1460"]
[Result "1-0"]
1.e4 e5
2.Bf1c4 d6
3.Ng1f3 Bc8e6
4.Nb1a3 Nb8c6
5.d3 Nc6d4
6.c3 Nd4xf3
7.Qd1xf3 Ng8f6
8.Bc4b5 c6
9.Bb5a4 b5
10.Ba4c2 a6
11.Na3b1 Bf8e7
12.Bc1e3 Qd8d7
13.Nb1d2 O-O-O
14.b4 g6
15.a4 Be6g4
16.Qf3g3 h5
17.f3 Bg4e6
18.Qg3f2 Nf6h7
19.axb5 axb5
20.Ra1a8 Kc7
21.Be3b6 Kb7
22.Ra8a7 Kc8
23.Ra7xd7 Rd8xd7
24.Nd2b3 Rd7b7
25.Nb3a5 Rb7d7
26.Na5xc6 f5
27.O-O f4
28.Rf1a1 Rd7b7
29.Ra1a8 Kd7
30.Ra8xh8 Nh7g5
31.Nc6xe7 Kxe7
32.Bb6d8 Kd7
33.Bd8xg5 Kc6
34.Rh8e8 Be6d7
35.Re8a8 Bd7e6
36.h3 Kd7
37.Ra8d8 Kc7
38.Rd8a8 Rb7b6
39.Bg5d8 Kb7
40.Qf2xb6 Kxa8
41.Bd8c7 Be6c8
42.Qb6b8 1-0

[Event "Tournoi n27425"]
[Site "www.echecsemail.com"]
[Date "2026.02.09"]
[Round "1"]
[White "Katastrofic"]
[Black "Speedyfil"]
[WhiteElo "1450"]
[BlackElo "1440"]
[Result "1-0"]
1.e4 c6
2.Bf1c4 d5
3.exd5 cxd5
4.Bc4b3 Ng8f6
5.d4 e6
6.c3 Bf8e7
7.Ng1f3 Nb8c6
8.O-O h6
9.Nf3e5 Nc6xe5
10.dxe5 Nf6e4
11.Bb3c2 O-O
12.Bc2xe4 dxe4
13.Qd1xd8 Rf8xd8
14.Bc1e3 b6
15.Nb1d2 Bc8b7
16.Nd2c4 Bb7a6
17.b3 Be7c5
18.Be3xc5 bxc5
19.Nc4d6 Ba6xf1
20.Kxf1 f5
21.c4 Rd8d7
22.Ke2 f4
23.Nd6xe4 Rd7d4
24.Ne4d6 Ra8f8
25.f3 Rf8b8
26.Ra1d1 Rd4xd1
27.Kxd1 g5
28.Kc2 a5
29.Kc3 Kg7
30.Nd6e4 Rb8d8
31.Ne4d6 Kg6
32.Nd6b7 Rd8d1
33.Nb7xc5 Kf5
34.Nc5d3 h5
35.c5 Rd1a1
36.a4 Ra1a2
37.c6 Ra2xg2
38.c7 Rg2xh2
39.c8Q g4
40.Qc8f8 Kg5
41.Qf8f6 1-0

[Event "Tournoi Hivernal"]
[Site "www.echecsemail.com"]
[Date "2026.02.09"]
[Round "1"]
[White "4x4"]
[Black "Turbo"]
[WhiteElo "1430"]
[BlackElo "1370"]
[Result "1-0"]
1.e4 e5
2.f4 Qd8h4
3.g3 Qh4f6
4.Ng1f3 Qf6b6
5.Nf3xe5 Bf8b4
6.c3 Bb4a5
7.Ne5c4 Qb6c5
8.b4 Qc5e7
9.Nc4xa5 Ng8f6
10.Bf1g2 O-O
11.e5 Nf6e8
12.Nb1a3 c6
13.Na5c4 f6
14.Qd1e2 b5
15.Nc4e3 fxe5
16.fxe5 Qe7xe5
17.d4 Qe5f6
18.Bc1d2 d6
19.Kd1 g6
20.Kc2 d5
21.Ra1f1 Qf6d6
22.Rf1xf8 Qd6xf8
23.Rh1f1 Qf8d6
24.Ne3g4 Bc8xg4
25.Qe2xe8 Kg7
26.Qe8f7 Kh8
27.Bd2h6 Bg4e6
28.Qf7g7 1-0

[Event "Coupe Niveau 3"]
[Site "www.echecsemail.com"]
[Date "2026.02.09"]
[Round "1"]
[White "Nbelnico"]
[Black "Patau"]
[WhiteElo "1690"]
[BlackElo "1690"]
[Result "1-0"]
1.e4 e5
2.Ng1f3 Ng8f6
3.d3 Nb8c6
4.a3 d5
5.exd5 Qd8xd5
6.Nb1c3 Qd5d8
7.Bc1g5 Bf8e7
8.Bg5xf6 Be7xf6
9.Bf1e2 O-O
10.O-O Nc6d4
11.Nc3e4 Bc8f5
12.c3 Nd4xe2
13.Qd1xe2 Rf8e8
14.Ra1d1 Qd8e7
15.Nf3d2 Ra8d8
16.Nd2f3 Bf5g4
17.Qe2e3 Rd8d5
18.c4 Bg4xf3
19.cxd5 Bf3xd1
20.Rf1xd1 Re8d8
21.Qe3xa7 Rd8xd5
22.Qa7xb7 Qe7d8
23.Qb7b3 Bf6e7
24.a4 Be7c5
25.Qb3c4 Bc5e7
26.Ne4c3 Rd5c5
27.Qc4g4 Be7f6
28.Nc3e4 Rc5c6
29.b4 Bf6e7
30.b5 Rc6g6
31.Qg4f5 Be7d6
32.a5 h6
33.Rd1a1 Bd6b4
34.a6 Bb4d6
35.a7 Qd8a8
36.Qf5d7 f5
37.Ne4xd6 cxd6
38.Qd7c6 { abandon }1-0

[Event "Défi"]
[Site "www.echecsemail.com"]
[Date "2026.02.09"]
[Round "1"]
[White "Jpjay"]
[Black "Goedendag"]
[WhiteElo "1660"]
[BlackElo "1830"]
[Result "1-0"]
1.e4 c5
2.Ng1f3 e6
3.Nb1c3 a6
4.g3 d5
5.exd5 exd5
6.d4 Ng8f6
7.Bf1g2 Bc8g4
8.Nc3e2 Bf8e7
9.c3 Nb8d7
10.Bc1f4 Ra8c8
11.O-O O-O
12.Bf4e3 c4
13.h3 Bg4xf3
14.Bg2xf3 b5
15.Ne2f4 Nd7b6
16.Nf4h5 g6
17.Nh5xf6 Be7xf6
18.b3 Rf8e8
19.h4 Rc8c7
20.Bf3g4 Rc7e7
21.Qd1f3 Bf6g7
22.Be3g5 f6
23.Bg5xf6 Re8f8
24.Bf6xe7 Qd8xe7
25.Qf3e3 Qe7xe3
26.fxe3 Rf8e8
27.Rf1e1 Bg7h6
28.Kf2 g5
29.h5 Bh6f8
30.Bg4f5 b4
31.cxb4 Bf8xb4
32.Re1e2 h6
33.e4 Bb4c3
34.Ra1d1 dxe4
35.Bf5xe4 Kf8
36.d5 Re8d8
37.d6 cxb3
38.axb3 Nb6d7
39.Be4f5 Nd7c5
40.d7 Nc5xb3
41.Rd1d3 Bc3d4
42.Kf1 { abandon }1-0

[Event "Tournoi n27382"]
[Site "www.echecsemail.com"]
[Date "2026.02.09"]
[Round "1"]
[White "Jyfsk"]
[Black "Vvvv"]
[WhiteElo "1790"]
[BlackElo "1700"]
[Result "0-1"]
1.e4 e5
2.d4 exd4
3.Qd1xd4 Nb8c6
4.Qd4d1 d6
5.Ng1f3 Bc8g4
6.Bf1e2 Ng8f6
7.Bc1g5 Bg4xf3
8.Be2xf3 Nc6e5
9.O-O Bf8e7
10.Nb1c3 c6
11.Bg5xf6 Be7xf6
12.Ra1b1 O-O
13.Qd1e2 Rf8e8
14.Rf1d1 Bf6e7
15.a3 Qd8c7
16.Qe2d3 b5
17.Qd3e2 a5
18.Nc3a2 Ne5c4
19.c3 Be7f6
20.Na2c1 d5
21.Qe2d3 Nc4e5
22.Qd3e2 a4
23.Qe2c2 Ne5xf3
24.gxf3 dxe4
25.fxe4 Qc7f4
26.Nc1e2 Qf4g5
27.Ne2g3 Bf6e5
28.Rd1e1 Re8e6
29.Re1e3 Qg5g4
30.Rb1e1 g6
31.f3 Qg4g5
32.Qc2g2 Be5f4
33.Re3e2 Qg5c5
34.Kf1 Kf8
35.Qg2f2 Qc5c4
36.Kg2 c5
37.Re1d1 Re6e5
38.h3 Ra8e8
39.h4 Bf4xg3
40.Kxg3 f5
41.Rd1d2 Qc4f7
42.exf5 Re5xf5
43.Re2xe8 Qf7xe8
44.Rd2e2 Qe8b8
45.Kg2 Qb8f4
46.Re2e4 Qf4xe4
47.fxe4 Rf5xf2
48.Kxf2 Kf7
49.Kf3 Kf6
50.Kf4 h6
51.Ke3 Ke5
52.Kf3 g5
53.h5 g4
54.Kxg4 Kxe4
55.Kg3 Kd3
56.Kf4 Kc2
57.Kf5 Kxb2
58.Kg6 Kxa3
59.Kxh6 Kb3
60.Kg5 a3
61.h6 a2
62.h7 a1Q
63.h8Q Qa1c1
64.Kf5 Qc1xc3
65.Qh8g8 c4
66.Ke6 b4
67.Kd5 Qc3f3
68.Kc5 Qf3e3
{ abandon }0-1

[Event "Eq:Avalon-LES CHATTERBOX :"]
[Site "www.echecsemail.com"]
[Date "2026.02.09"]
[Round "1"]
[White "Panchoa"]
[Black "Janolapin"]
[WhiteElo "1630"]
[BlackElo "1700"]
[Result "1-0"]
1.e4 e5
2.Ng1f3 Nb8c6
3.Nb1c3 Ng8f6
4.d4 exd4
5.Nc3d5 Nf6xd5
6.exd5 Nc6e7
7.Qd1xd4 d6
8.Bf1e2 Bc8g4
9.Qd4xg4 { abandon }1-0

[Event "Défi"]
[Site "www.echecsemail.com"]
[Date "2026.02.09"]
[Round "1"]
[White "Snarf"]
[Black "Vvvv"]
[WhiteElo "1760"]
[BlackElo "1720"]
[Result "1-0"]
1.e4 g6
2.e5 Bf8g7
3.d4 c5
4.c3 cxd4
5.cxd4 e6
6.Ng1f3 Bg7h6
7.Bf1b5 Qd8c7
8.Nb1c3 a6
9.Bb5a4 b5
10.Ba4b3 Bc8b7
11.O-O Bb7xf3
12.Qd1xf3 Bh6xc1
13.Ra1xc1 Nb8c6
14.Rf1d1 Ng8e7
15.Rd1d2 O-O
16.Nc3e2 d5
17.Rd2c2 Ra8a7
18.Ne2f4 Nc6xd4
19.Rc2xc7 Nd4xf3
20.gxf3 Ra7xc7
21.Rc1xc7 Ne7f5
22.Rc7a7 Nf5d4
23.Bb3d1 Nd4f5
24.Ra7xa6 Rf8d8
25.Ra6b6 Nf5d4
26.Bd1e2 Rd8c8
27.Kg2 Nd4xe2
28.Nf4xe2 Rc8c2
29.Ne2d4 Rc2xb2
30.a3 Kg7
31.Rb6xb5 Rb2a2
32.Rb5a5 h5
33.Ra5a7 Kf8
34.a4 h4
35.a5 Ra2a4
36.Nd4c6 Kg7
37.Ra7b7 g5
38.Rb7b4 h3
39.Kxh3 Ra4xb4
40.Nc6xb4 { abandon }1-0

[Event "BERNARD MAS"]
[Site "www.echecsemail.com"]
[Date "2026.02.09"]
[Round "1"]
[White "Pgo"]
[Black "Patau"]
[WhiteElo "1750"]
[BlackElo "1670"]
[Result "0-1"]
1.e4 Nb8c6
2.Ng1f3 d5
3.exd5 Qd8xd5
4.Nb1c3 Qd5a5
5.Bf1b5 a6
6.Bb5xc6 bxc6
7.O-O Bc8g4
8.h3 Bg4h5
9.g4 Bh5g6
10.d3 e6
11.Rf1e1 Bf8b4
12.Bc1d2 Ng8f6
13.Nc3e4 Bg6xe4
14.Bd2xb4 Be4xf3
15.Bb4xa5 Bf3xd1
16.Ra1xd1 Kd7
17.Ba5c3 Rh8d8
18.Bc3xf6 gxf6
19.f4 Ra8b8
20.b3 Rb8b4
21.c4 Rd8g8
22.Kf2 Rb4b8
23.d4 Rb8e8
24.Kf3 Kc8
25.h4 f5
26.g5 Re8d8
27.h5 Rd8d7
28.Ke3 Rg8d8
29.h6 c5
30.Rd1d3 cxd4
31.Kf3 Kb7
32.Re1e5 Kb6
33.b4 c6
34.a4 Kb7
35.a5 Kc7
36.g6 hxg6
37.Re5e1 Rd8h8
38.Re1h1 f6
39.Rd3d2 e5
40.fxe5 fxe5
41.c5 e4
42.Kf4 d3
43.Ke3 Rh8h7
44.Kf4 Rd7d4
45.Kg5 e3
46.Rd2h2 Rd4g4
47.Kf6 f4
48.Rh2h4 Rg4xh4
49.Rh1xh4 d2
50.Kxg6 d1Q
51.Kxh7 Qd1d7
52.Kg8 Qd7d8
53.Kg7 Qd8xh4
54.h7 f3
55.h8Q Qh4xh8
56.Kxh8 f2
{ abandon }0-1

[Event "Tournoi n27237"]
[Site "www.echecsemail.com"]
[Date "2026.02.09"]
[Round "1"]
[White "Prize640"]
[Black "Zanatany"]
[WhiteElo "2230"]
[BlackElo "2240"]
[Result "1-0"]
1.c4 b6
2.d4 e6
3.Ng1f3 Bc8b7
4.g3 c5
5.d5 exd5
6.cxd5 Ng8f6
7.Bc1g5 h6
8.Bg5xf6 Qd8xf6
9.Nb1c3 Bf8d6
10.Bf1g2 O-O
11.O-O Rf8e8
12.e4 Nb8a6
13.Rf1e1 Ra8c8
14.Qd1a4 Rc8d8
15.Re1e3 Bd6b8
16.Ra1e1 d6
17.a3 Bb7c8
18.Bg2f1 Na6c7
19.e5 dxe5
20.Nf3xe5 Bc8b7
21.Ne5g4 Nc7xd5
22.Re3xe8 { abandon }1-0

[Event "Jean 8"]
[Site "www.echecsemail.com"]
[Date "2026.02.09"]
[Round "1"]
[White "Petitlulu64"]
[Black "Patau"]
[WhiteElo "1720"]
[BlackElo "1670"]
[Result "1-0"]
1.d4 d5
2.e3 Ng8f6
3.Ng1f3 e6
4.Nb1c3 c5
5.Bf1e2 cxd4
6.Nf3xd4 Nb8c6
7.O-O Bf8c5
8.Nd4b3 Bc5d6
9.Be2b5 Bc8d7
10.Bc1d2 O-O
11.Nb3d4 Nc6xd4
12.exd4 Qd8b6
13.Bb5xd7 Nf6xd7
14.b3 Qb6xd4
15.Nc3e2 Qd4g4
16.Kh1 Qg4h4
17.g3 Qh4h3
18.Ne2g1 Qh3f5
19.Ng1e2 Qf5f3
20.Kg1 Bd6c5
21.b4 Bc5b6
22.Ne2f4 Nd7f6
23.Qd1xf3 Ra8c8
24.c3 Nf6e4
25.Qf3d1 Ne4xc3
26.Bd2xc3 Rc8xc3
27.Ra1c1 Rf8c8
28.Rc1xc3 { abandon }1-0

[Event "Transval"]
[Site "www.echecsemail.com"]
[Date "2026.02.09"]
[Round "1"]
[White "Karting"]
[Black "Patau"]
[WhiteElo "1590"]
[BlackElo "1700"]
[Result "1-0"]
1.e4 e5
2.Bf1c4 c6
3.a3 d5
4.exd5 cxd5
5.Bc4a2 Nb8c6
6.d3 f5
7.Ng1f3 Ng8f6
8.O-O Bf8c5
9.Bc1g5 h6
10.Bg5e3 Qd8d6
11.Nb1c3 a6
12.Be3xc5 Qd6xc5
13.h3 O-O
14.Rf1e1 Nf6d7
15.Qd1d2 e4
16.dxe4 Nd7b6
17.Nc3xd5 Kh8
18.Nd5xb6 Qc5xb6
19.b4 fxe4
20.Re1xe4 Bc8f5
21.Re4e3 Ra8d8
22.Qd2c3 Nc6d4
23.Nf3xd4 Qb6xd4
24.Qc3xd4 Rd8xd4
25.c3 Rd4d3
26.Re3xd3 Bf5xd3
27.f3 Rf8c8
28.Ra1c1 Bd3c4
29.Ba2xc4 Rc8xc4
30.Kf2 Kg8
31.a4 b5
32.axb5 axb5
33.Ke3 Kf7
34.Kd3 Kf6
35.Rc1a1 Kf5
36.g3 h5
37.Ra1a5 Rc4c6
38.Ra5xb5 { abandon }1-0

[Event "CHATURANGA"]
[Site "www.echecsemail.com"]
[Date "2026.02.09"]
[Round "1"]
[White "Woluwe1975"]
[Black "Casisimed"]
[WhiteElo "1640"]
[BlackElo "1590"]
[Result "1/2-1/2"]
1.e4 e5
2.Ng1f3 Ng8f6
3.Bf1c4 Nb8c6
4.Nb1c3 Bf8b4
5.d3 O-O
6.Bc1d2 d6
7.a3 Bb4a5
8.h3 Bc8e6
9.O-O Be6xc4
10.dxc4 Ba5xc3
11.Bd2xc3 Nf6xe4
12.Bc3e1 Qd8f6
13.Qd1d5 Qf6f5
14.c3 Nc6e7
15.Qd5xb7 Rf8c8
16.b4 Ne7g6
17.Qb7d5 c6
18.Qd5d1 Ng6f4
19.Kh2 Qf5g6
20.Nf3h4 Qg6g5
21.f3 Ne4f6
22.Be1g3 Nf6h5
23.Bg3xf4 Qg5xf4
24.Kg1 Qf4xh4
25.Qd1xd6 Nh5g3
26.Rf1e1 e4
27.f4 Ng3f5
28.Qd6e5 Nf5g3
29.c5 Rc8e8
30.Qe5d4 Qh4xf4
31.Ra1d1 Qf4f5
32.Qd4e3 Ng3h5
33.g4 Qf5g6
34.Kh2 Nh5f6
35.g5 Nf6d5
36.Rd1xd5 cxd5
37.h4 Qg6h5
38.Qe3g3 e3
39.Re1xe3 Re8xe3
40.Qg3xe3 Qh5xh4
41.Kg1 Kf8
42.c6 Ra8e8
43.Qe3c5 Re8e7
44.c7 Qh4g3
45.Kf1 Qg3e1
46.Kg2 Qe1d2
47.Kh1 Qd2e1
48.Kg2 { nul }1/2-1/2

[Event "Défi"]
[Site "www.echecsemail.com"]
[Date "2026.02.09"]
[Round "1"]
[White "Intrigue"]
[Black "Lancov"]
[WhiteElo "1720"]
[BlackElo "1920"]
[Result "0-1"]
1.f4 d6
2.b3 Ng8f6
3.Bc1b2 g6
4.Ng1f3 Bf8g7
5.Nb1c3 Bc8g4
6.e4 c6
7.Bf1e2 Nb8d7
8.d3 b5
9.O-O Qd8b6
10.Kh1 O-O-O
11.b4 h5
12.a4 Bg4e6
13.axb5 cxb5
14.Nf3g5 Rd8f8
15.Ra1a5 a6
16.Qd1a1 Nd7b8
17.Be2f3 Nf6g4
18.Bf3xg4 hxg4
19.Nc3d5 Bg7xb2
20.Qa1xb2 Qb6a7
21.Qb2c3 Kd7
22.Rf1a1 g3
23.h3 f6
24.Ng5xe6 Kxe6
25.d4 Rf8c8
26.Qc3xg3 Rh8h6
27.Ra1a2 Qa7xd4
28.Qg3g4 Kf7
29.Qg4f3 Rc8c4
30.Nd5b6 Qd4xb6
31.Qf3g4 Rc4xe4
32.Qg4c8 Re4e1
33.Kh2 Qb6g1
34.Kg3 Re1e3
35.Kg4 Qg1xg2
0-1

[Event "Eq:Vikings-La Diagonale du Fou :"]
[Site "www.echecsemail.com"]
[Date "2026.02.09"]
[Round "1"]
[White "Blackbishop"]
[Black "Moutarde18"]
[WhiteElo "1840"]
[BlackElo "2080"]
[Result "1/2-1/2"]
1.e4 e6
2.d4 d5
3.e5 c5
4.c3 Nb8c6
5.Bf1b5 Bc8d7
6.Bb5xc6 Bd7xc6
7.Ng1e2 cxd4
8.cxd4 Ng8e7
9.O-O Ne7g6
10.Nb1d2 Bf8e7
11.Nd2f3 O-O
12.b3 Ra8c8
13.a4 a6
14.Ne2g3 h6
15.Bc1e3 b5
16.Qd1d2 Bc6d7
17.Ng3h5 Kh7
18.Qd2d3 Kh8
19.Rf1e1 Qd8b6
20.a5 Qb6d8
21.h3 Be7b4
22.Be3d2 Bb4xd2
23.Qd3xd2 Qd8e7
24.b4 Rc8c6
25.Ra1c1 Rf8c8
26.Nf3h2 Rc6xc1
27.Re1xc1 Rc8xc1
28.Qd2xc1 Qe7xb4
{ nul }1/2-1/2

[Event "Tournoi n27382"]
[Site "www.echecsemail.com"]
[Date "2026.02.09"]
[Round "1"]
[White "Air-3-bud"]
[Black "Jyfsk"]
[WhiteElo "1850"]
[BlackElo "1750"]
[Result "1-0"]
1.d4 Ng8f6
2.Ng1f3 e6
3.e3 Bf8e7
4.Bf1d3 O-O
5.O-O b6
6.Nb1d2 Bc8b7
7.Rf1e1 d6
8.b3 Nb8d7
9.Bc1b2 c6
10.e4 Nf6e8
11.c4 Be7f6
12.e5 dxe5
13.dxe5 Bf6e7
14.Qd1c2 g6
15.g3 Ne8g7
16.a3 c5
17.Ra1b1 a6
18.Bd3e4 Bb7xe4
19.Qc2xe4 Ng7f5
20.Rb1d1 Qd8c7
21.Kg2 { abandon }1-0

[Event "BERNARD MAS"]
[Site "www.echecsemail.com"]
[Date "2026.02.09"]
[Round "1"]
[White "Petitlulu64"]
[Black "Intrigue"]
[WhiteElo "1710"]
[BlackElo "1720"]
[Result "1-0"]
1.d4 d5
2.Ng1f3 Ng8f6
3.Nb1c3 e6
4.Bc1g5 c5
5.e3 Nb8c6
6.Bf1b5 Bc8d7
7.O-O Bf8e7
8.a4 O-O
9.Rf1e1 a6
10.Bb5xc6 Bd7xc6
11.Nf3e5 cxd4
12.Ne5xc6 bxc6
13.exd4 h6
14.Bg5h4 Nf6d7
15.Bh4xe7 Qd8xe7
16.Re1e3 c5
17.dxc5 Nd7xc5
18.b4 Nc5b7
19.Qd1xd5 Rf8d8
20.Qd5f3 Qe7xb4
21.Ra1b1 Qb4e7
22.h3 Ra8b8
23.Nc3e4 Nb7d6
24.Rb1xb8 Rd8xb8
25.Qf3f4 Rb8b1
26.Kh2 Nd6xe4
27.Re3xe4 Qe7a3
28.Re4c4 Qa3a1
29.Rc4c8 Kh7
30.Qf4e4 g6
31.Qe4f3 Rb1h1
32.Kg3 Qa1e5
33.Qf3f4 Qe5d5
34.Qf4xf7 1-0